Statistics for 5 Countries With the Most Dams by Continent

Click here to take the quiz!

General Stats

  • This quiz has been taken 68 times
  • The average score is 21 of 27

Answer Stats

Answer% Correct
Asia23,841China
96%
Europe709France
96%
Europe593United Kingdom
95%
South America1,364Brazil
91%
Asia5,100India
91%
North America9,265United States
91%
South America114Argentina
89%
Oceania567Australia
89%
South America97Chile
89%
Oceania96New Zealand
89%
North America1,169Canada
88%
South America64Colombia
88%
Asia3,118Japan
88%
North America570Mexico
88%
Africa1,112South Africa
86%
Europe1,063Spain
86%
South America78Venezuela
84%
North America23Panama
82%
Asia1,338South Korea
72%
Africa150Morocco
67%
Europe974Turkey
67%
Asia974Turkey
67%
Africa144Algeria
65%
North America18Dominican Republic
63%
Africa126Tunisia
47%
Africa254Zimbabwe
37%
Europe1,008Albania
12%

Score Distribution

Percentile by Number Answered

Percent of People with Each Score

Your Score History

You have not taken this quiz